Participación de las mujeres ante los sucesos de enero de 1964 /

Tallennettuna:
Bibliografiset tiedot
Päätekijä: Marulanda, Gilberto
Aineistotyyppi: Teksti
Aiheet:
Tagit: Lisää tagi
Ei tageja, Lisää ensimmäinen tagi!

MARC

LEADER 00000 a a2200000 04500
001 9400
003
040
100 |a Marulanda, Gilberto  
245 |a Participación de las mujeres ante los sucesos de enero de 1964 /  |c Gilberto Marulanda 
650 |a PARTICPACION DE LA MUJER  
650 |a CONFLICTOS POLITICOS  
650 |a ZONA DEL CANAL DE PANAMA  
650 |a PANAMEÑOS  
773 |g número 446; páginas 16-33  
999 |c 32148  |d 32148